<?xml version="1.0" encoding="UTF-8"?><?xml-stylesheet type="text/xsl" href="static/style.xsl"?><OAI-PMH xmlns="http://www.openarchives.org/OAI/2.0/" xmlns:xsi="http://www.w3.org/2001/XMLSchema-instance" xsi:schemaLocation="http://www.openarchives.org/OAI/2.0/ http://www.openarchives.org/OAI/2.0/OAI-PMH.xsd"><responseDate>2026-04-13T13:30:02Z</responseDate><request verb="GetRecord" identifier="oai:www.recercat.cat:10256/14443" metadataPrefix="marc">https://recercat.cat/oai/request</request><GetRecord><record><header><identifier>oai:recercat.cat:10256/14443</identifier><datestamp>2024-06-13T10:01:47Z</datestamp><setSpec>com_2072_453051</setSpec><setSpec>com_2072_2054</setSpec><setSpec>col_2072_453054</setSpec></header><metadata><record xmlns="http://www.loc.gov/MARC21/slim" xmlns:dcterms="http://purl.org/dc/terms/" xmlns:xsi="http://www.w3.org/2001/XMLSchema-instance" xmlns:doc="http://www.lyncode.com/xoai" xsi:schemaLocation="http://www.loc.gov/MARC21/slim http://www.loc.gov/standards/marcxml/schema/MARC21slim.xsd">
   <leader>00925njm 22002777a 4500</leader>
   <datafield ind2=" " ind1=" " tag="042">
      <subfield code="a">dc</subfield>
   </datafield>
   <datafield ind2=" " ind1=" " tag="720">
      <subfield code="a">Godé, Lluís X.</subfield>
      <subfield code="e">author</subfield>
   </datafield>
   <datafield ind2=" " ind1=" " tag="720">
      <subfield code="a">Munné, Antoni</subfield>
      <subfield code="e">author</subfield>
   </datafield>
   <datafield ind2=" " ind1=" " tag="720">
      <subfield code="a">Sabater, Sergi</subfield>
      <subfield code="e">author</subfield>
   </datafield>
   <datafield ind2=" " ind1=" " tag="720">
      <subfield code="a">Tornés Bes, Elisabet</subfield>
      <subfield code="e">author</subfield>
   </datafield>
   <datafield ind2=" " ind1=" " tag="720">
      <subfield code="a">Leira Campos, Manuel</subfield>
      <subfield code="e">author</subfield>
   </datafield>
   <datafield ind2=" " ind1=" " tag="720">
      <subfield code="a">Trobajo Pujadas, Rosa</subfield>
      <subfield code="e">author</subfield>
   </datafield>
   <datafield ind2=" " ind1=" " tag="720">
      <subfield code="a">Cambra, Jaume</subfield>
      <subfield code="e">author</subfield>
   </datafield>
   <datafield ind2=" " ind1=" " tag="720">
      <subfield code="a">Gomà Martínez, Joan</subfield>
      <subfield code="e">author</subfield>
   </datafield>
   <datafield ind2=" " ind1=" " tag="720">
      <subfield code="a">Ortiz Lerín, Roser</subfield>
      <subfield code="e">author</subfield>
   </datafield>
   <datafield ind2=" " ind1=" " tag="260">
      <subfield code="c">2003-12</subfield>
   </datafield>
   <datafield ind2=" " ind1=" " tag="520">
      <subfield code="a">El present treball forma part del conjunt de les tasques encomanades per l’Agència Catalana de l’Aigua (ACA) a diferents grups de recerca de les Universitats catalanes per tal d’aconseguir l’adequació a la Directiva Marc de l’ Aigua (en endavant DMA) aprovada per la Unió Europea al 2000. Un dels objectius de la DMA és promoure l’ús sostenible de l’aigua i té entre els objectius prioritaris mantenir i restaurar el bon estat ecològic dels ecosistemesaquàtics. Específicament la DMA demana procedir a l’efectiva protecció de les aigües superficials, dels estuaris, aigües costeres i subterrànies implicant en molts casos la reducció d’abocaments i contaminació a aquestes masses d’aigua.Els objectius del treball endegat amb les comunitats de diatomees són els següents: a. Diagnosi de la qualitat química i ecològica dels rius de les conques internes i de la part catalana de la conca de l’Ebre a partir de la informació proporcionada per la comunitat de diatomees; específicament, determinar quins punts tenen una qualitat molt dolenta, dolenta, mediocre, bona o excel·lent mitjançant l’ús de la informació proporcionada per les comunitats de diatomees. b. Determinar l’encaix de les comunitats de diatomees en la regionalització dels rius establerta des d’altres descriptors físics o biològics; en el seu cas, determinar quines regions són les que es poden establir directament a partir de la informació de les comunitats de diatomees. c. Avaluar la capacitat dels índexs de diatomees descrits per a d’altres situacions i països en la determinació de la qualitat de l’aigua i ecològica; determinar quin o quins són els índexs que millor descriuen la situació dels rius catalans; en el seu cas, perfilar les situacions en les que aquests índexs funcionen adequadament i en quines no ho fan; en el seu cas, suggerir possibles modificacions per tal d’adaptar-los a la realitat de les diferents ecoregions que es poden definir a Catalunya</subfield>
   </datafield>
   <datafield ind1="8" ind2=" " tag="024">
      <subfield code="a">http://hdl.handle.net/10256/14443</subfield>
   </datafield>
   <datafield tag="653" ind2=" " ind1=" ">
      <subfield code="a">Aigua -- Qualitat</subfield>
   </datafield>
   <datafield tag="653" ind2=" " ind1=" ">
      <subfield code="a">Water quality</subfield>
   </datafield>
   <datafield tag="653" ind2=" " ind1=" ">
      <subfield code="a">Diatomees</subfield>
   </datafield>
   <datafield tag="653" ind2=" " ind1=" ">
      <subfield code="a">Diatoms</subfield>
   </datafield>
   <datafield tag="653" ind2=" " ind1=" ">
      <subfield code="a">Indicadors biològics</subfield>
   </datafield>
   <datafield tag="653" ind2=" " ind1=" ">
      <subfield code="a">Indicators (Biology)</subfield>
   </datafield>
   <datafield tag="653" ind2=" " ind1=" ">
      <subfield code="a">Ecologia aquàtica</subfield>
   </datafield>
   <datafield tag="653" ind2=" " ind1=" ">
      <subfield code="a">Aquatic ecology</subfield>
   </datafield>
   <datafield ind2="0" ind1="0" tag="245">
      <subfield code="a">Anàlisi de la viabilitat i proposta d’indicadors fitobentònics de la qualitat de l’aigua per als cursos fluvials de Catalunya: Aplicació de la Directiva Marc en Política d’Aigües de la Unió Europea (2000/60/CE)</subfield>
   </datafield>
</record></metadata></record></GetRecord></OAI-PMH>